<?xml version="1.0" encoding="UTF-8"?>
<record
    xmlns:xsi="http://www.w3.org/2001/XMLSchema-instance"
    xsi:schemaLocation="http://www.loc.gov/MARC21/slim http://www.loc.gov/standards/marcxml/schema/MARC21slim.xsd"
    xmlns="http://www.loc.gov/MARC21/slim">

  <leader>01019nam a22001817a 4500</leader>
  <datafield tag="952" ind1=" " ind2=" ">
    <subfield code="0">0</subfield>
    <subfield code="1">0</subfield>
    <subfield code="2">lcc</subfield>
    <subfield code="4">0</subfield>
    <subfield code="7">0</subfield>
    <subfield code="a">12</subfield>
    <subfield code="b">12</subfield>
    <subfield code="d">2017-10-16</subfield>
    <subfield code="l">0</subfield>
    <subfield code="o">HJ2341 B37 1998</subfield>
    <subfield code="p">24 000112</subfield>
    <subfield code="r">2023-01-23</subfield>
    <subfield code="t">1</subfield>
    <subfield code="w">2017-10-16</subfield>
    <subfield code="y">LB</subfield>
  </datafield>
  <datafield tag="999" ind1=" " ind2=" ">
    <subfield code="c">102584</subfield>
    <subfield code="d">102584</subfield>
  </datafield>
  <controlfield tag="008">171016b19941998mx  |||| |||| 00| 0 spa d</controlfield>
  <datafield tag="020" ind1=" " ind2=" ">
    <subfield code="a">9687427280</subfield>
  </datafield>
  <datafield tag="050" ind1=" " ind2=" ">
    <subfield code="a">HJ2341</subfield>
    <subfield code="b">B37 1998</subfield>
  </datafield>
  <datafield tag="100" ind1=" " ind2=" ">
    <subfield code="a">Bettinger Barrios, Herbert</subfield>
    <subfield code="e">autor</subfield>
  </datafield>
  <datafield tag="245" ind1=" " ind2=" ">
    <subfield code="a">Estudio practico sobre los convenios impositivos para evitar la doble tributacion</subfield>
    <subfield code="c">/ Herbert Bettinger Barrios</subfield>
  </datafield>
  <datafield tag="250" ind1=" " ind2=" ">
    <subfield code="a">5a. edici&#xF3;n</subfield>
  </datafield>
  <datafield tag="260" ind1=" " ind2=" ">
    <subfield code="a">M&#xE9;xico</subfield>
    <subfield code="b"> : ISEF</subfield>
    <subfield code="c"> , 1998</subfield>
  </datafield>
  <datafield tag="300" ind1=" " ind2=" ">
    <subfield code="a">877 p&#xE1;ginas</subfield>
  </datafield>
  <datafield tag="500" ind1=" " ind2=" ">
    <subfield code="a">Incluye:
palabras del autor a la quinta edici&#xF3;n
palabras del autor a la cuarta edici&#xF3;n
palabras del autor a la tercera edici&#xF3;n
palabras del autor a la segunda edici&#xF3;n
introducci&#xF3;n
anexo A: archivo historico   de modificaciones a los convenios sobre doble tributaci&#xF3;ncelebrados por M&#xE9;xico (p. 881)
modelos tributarios utilizados (p. 883)
legislaci&#xF3;n
bibliograf&#xED;a
</subfield>
  </datafield>
  <datafield tag="519" ind1=" " ind2=" ">
    <subfield code="a">Plan Flexible /</subfield>
    <subfield code="b">Licenciatura en Contadur&#xEC;a P&#xFA;blica SEP /</subfield>
    <subfield code="c">Estrateg&#xED;a Fiscal Financiera  (0948-1) /</subfield>
    <subfield code="d">(24 000112)</subfield>
  </datafield>
  <datafield tag="650" ind1=" " ind2="0">
    <subfield code="a">Impuestos dobles</subfield>
  </datafield>
  <datafield tag="942" ind1=" " ind2=" ">
    <subfield code="c">LB</subfield>
  </datafield>
</record>
